000 00313nam a2200133Ia 4500
008 220216s9999 xx 000 0 und d
245 0 _aPruning to prevent wind damage
260 _bPlanters Bulletin
_c1967
300 _a147-157
650 _aPruning
650 _aRubber
650 _aWind damage
942 _cJS
999 _c66085
_d66085